Outono (Registo nº 3311)
[ vista simples ]
| 000 -Etiqueta do registo | |
|---|---|
| Cabeçalho | 00941nam a22003011 4500 |
| 005 - Identificador da versão | |
| Campo de controlo | 20240813121958.0 |
| 010 ## - Número internacional normalizado dos livros (ISBN) | |
| Número (ISBN) | 9728420196 |
| 100 ## - Dados gerais de processamento | |
| Dados gerais de processamento | 20060907d1999 cd y0pory500305 ba |
| 102 ## - Pais de publicação ou produção | |
| País de publicação | Portugal |
| 101 1# - Língua de publicação | |
| Língua do texto, banda sonora, etc. | Português |
| Língua do documento no original | Espanhol |
| 106 ## - Campo de dados codificados: material textual | |
| Dados codificados do material textual | r |
| 215 ## - Descrição física | |
| Indicação específica da natureza do documento e extensão da espécie | 48 p. |
| Outras indicações físicas | il. |
| Dimensões | 31 cm |
| 200 1# - Titulo e menção de responsabilidade | |
| Título próprio | Outono |
| Informação de outro título | actividades criativas para a educação infantil |
| Primeira menção de responsabilidade | textos de Anna Galera Bassachs, Mònica Martí i Garbayo, Isabel Sanz Muelas |
| Outras menções de responsabilidade | des. Toni Inglès |
| 225 2# - Colecção | |
| Título próprio da colecção | Palmo a Palmo |
| 205 ## - Menção da edição | |
| Menção da edição | 3ª ed |
| 210 ## - Publicação, Distribuição, etc. | |
| Lugar da edição, distribuição, etc. | Setúbal |
| Nome do editor, distribuidor, etc. | Marina Editores |
| Data da publicação, distribuição, etc. | 1999 |
| 300 ## - Notas gerais | |
| Texto da nota | Inclui moldes |
| 606 ## - Nome comum usado como assunto | |
| Número de registo de entrada de autoridade | 0001439 |
| Palavra de ordem | Arte |
| Subdivisão de assunto | Trabalhos manuais |
| 675 ## - Classificação Decimal Universal (CDU) | |
| Notação | 745 |
| Edição | 2ª |
| Língua da edição | por |
| 702 #1 - Nome de autor-pessoa física (responsabilidade secundária) | |
| Número de registo de entrada de autoridade | 0001754 |
| Palavra de ordem | Inglès |
| Outra parte do nome não tomada para palavra de ordem | Toni |
| Código de função | Técnico gráfico / Colorista / Desenhador gráfico / Designer / Impressor de fotografias / Técnico de desenho computorizado |
| 701 #1 - Nome de autor-pessoa física (co-responsabilidade principal) | |
| Palavra de ordem | Martí i Garbayo |
| Outra parte do nome não tomada para palavra de ordem | Mònica |
| Código de função | Autor / Co-autor |
| Palavra de ordem | Muelas |
| Outra parte do nome não tomada para palavra de ordem | Isabel Sanz |
| Código de função | Autor / Co-autor |
| 700 #1 - Nome de autor-pessoa física (responsabilidade principal) | |
| Número de registo de entrada de autoridade | 0001751 |
| Palavra de ordem | Bassachs |
| Outra parte do nome não tomada para palavra de ordem | Anna Galera |
| 942 ## - Elementos de entrada adicionados (Koha) | |
| Tipo de item no Koha | Livro |
| Situação do levantamento | Origin of item (home branch) (coded) | Biblioteca de empréstimo | Código de barras | Cota | Circulation type (not for loan) | Tipo de documento | Nota do exemplar | Damaged status |
|---|---|---|---|---|---|---|---|---|
| Biblioteca Escolar da Coca Maravilhas | Biblioteca Escolar da Coca Maravilhas | BECM7402/06 | 7TMA PAL | Livro | Sem mensagem |
